000 00979nmm a2200385 a 4500
003 AR-BaBNM
005 20251128211002.0
008 212020s1996 ||||||||||||||000 | spa||
020 _a0-521-42671-5
040 _cAR-BaBNM
100 1 _aBarnard, Andy
245 1 0 _aSociology explained
260 _aCambridge
_bCambridge University Press
_c1996
300 0 _a488 p.
_btab., il., gráfs.
650 4 _aSOCIOLOGIA CULTURAL
650 4 _aGRUPOS
650 4 _aSISTEMAS SOCIALES
650 4 _aESTRUCTURA SOCIAL
650 4 _aSOCIOLOGIA
650 4 _aSOCIALIZACION
650 4 _aFAMILIA
650 4 _aMATRIMONIO
650 4 _aCOMUNIDADES LOCALES
650 4 _aSISTEMAS POLITICOS
650 4 _aCLANES
650 4 _aESTRATIFICACION SOCIAL
650 4 _aCAMBIO SOCIAL
650 4 _aPROCESOS SOCIALES
650 4 _aIDEOLOGIAS
650 4 _aDINAMICA SOCIAL
650 4 _aCLASES SOCIALES
700 1 _aBurgess, Terry
942 _cBK
998 _cmariana
999 _c17761
_d17761